000 01029nam a22003137a 4500
003 CHAP
005 20220329140701.0
008 971013s1980 ca a r 00010 eng d
010 _a56002
011 _a56974
035 _a61127
040 _cCHAP
082 0 4 _a631.45
_bS25
100 0 0 _aSchiechtl, Hugo M.
_9102990
245 1 _aBioengineering for land reclamation and conservation
260 _aEdmonton :
_bUniversity of Alberta,
_c1980
300 _a404 p.
_b: ilus.
590 _aBATCH-UPD
_b10
_c20130110
_lUCH01
_h1432
590 _aBATCH-UPD
_b10
_c20130410
_lUCH01
_h0908
590 _aBATCH-UPD
_b10
_c20130914
_lUCH01
_h1639
590 _aCONVERSION
_b10
_c20130109
_lUCH01
_h1330
650 1 4 _aIngeniería agrícola.
_958196
650 1 4 _aSuelos
_xConservación.
_9110283
650 1 4 _aTierras
_xRecuperación de.
_9113120
901 _aBK
942 _cLIBRO
949 _a631.45 S25
_bBC
_cLIBRO
_d33724000075412
_eLIBRO
_fc.2
_h54730
_i61127
_si
949 _a631.45 S25
_bBC
_cLIBRO
_d33724000075420
_eLIBRO
_h54729
_i61127
_si
999 _c56002
_d56002